|
|
|
|
| LEADER |
00000nam0a2200000 4500 |
| 001 |
276391 |
| 005 |
20231101234921.0 |
| 010 |
|
|
|a 9785971015673
|
| 035 |
|
|
|a (RuTPU)RU\TPU\book\299650
|
| 090 |
|
|
|a 276391
|
| 100 |
|
|
|a 20141121d2015 k y0rusy50 ca
|
| 101 |
0 |
|
|a rus
|
| 102 |
|
|
|a RU
|
| 105 |
|
|
|a a z 001zy
|
| 200 |
1 |
|
|a Совершенствование технологий подготовки и переработки углеводородных газов
|f С. Н. Колокольцев
|
| 210 |
|
|
|a Москва
|c ЛЕНАНД
|d 2015
|
| 215 |
|
|
|a 584 с.
|c ил.
|
| 320 |
|
|
|a Библиогр.: с. 545-567.
|
| 320 |
|
|
|a Список сокращений: с. 568.
|
| 330 |
|
|
|a В книге обобщены данные по направлениям совершенствования технологий подготовки и переработки углеводородных газов за последние 15 лет, показаны разработанные решения по модернизации производства газоперерабатывающего завода средней мощности. Приведены данные о мировом потреблении энергоресурсов, сведения о становлении отечественной газоперерабатывающей промышленности и ее современном состоянии, основные этапы развития газопереработки за рубежом, рассмотрены вопросы увеличения утилизации нефтяного попутного газа в России. Для каждого вида технологического процесса рассмотрено его назначение, приведены расчеты основного оборудования, указаны современные тенденции совершенствования, содержатся примеры инноваций. Особое внимание в работе уделено разработке новых решений по модернизации оборудования и совершенствованию технологий подготовки и переработки газов, обоснованию выбора перспективных производственных схем предприятий газопереработки. Разработанные технические и технологические решения внедрены в производство с положительным экономическим эффектом. здание предназначено для преподавателей, бакалавров, магистрантов, аспирантов высшей школы по направлениям подготовки «Нефтехимия», «Химическая технология», «Газохимия», а также инженерно-технических работников и специалистов в области подготовки и переработки углеводородных газов.
|
| 606 |
1 |
|
|a Углеводородные газы
|x Переработка
|2 stltpush
|3 (RuTPU)RU\TPU\subj\33981
|9 56067
|
| 610 |
1 |
|
|a углеводородное сырье
|
| 610 |
1 |
|
|a мировые запасы
|
| 610 |
1 |
|
|a добыча
|
| 610 |
1 |
|
|a потребление
|
| 610 |
1 |
|
|a Россия
|
| 610 |
1 |
|
|a подготовка
|
| 610 |
1 |
|
|a охлаждение
|
| 610 |
1 |
|
|a осушка
|
| 610 |
1 |
|
|a компримирование
|
| 610 |
1 |
|
|a газожидкостные потоки
|
| 610 |
1 |
|
|a сепарация
|
| 610 |
1 |
|
|a газоперерабатывающие заводы
|
| 610 |
1 |
|
|a производственные схемы
|
| 610 |
1 |
|
|a совершенствование
|
| 610 |
1 |
|
|a технология
|
| 675 |
|
|
|a 665.632
|v 4
|
| 700 |
|
1 |
|a Колокольцев
|b С. Н.
|g Сергей Николаевич
|
| 801 |
|
1 |
|a RU
|b 63413507
|c 20141121
|
| 801 |
|
2 |
|a RU
|b 63413507
|c 20150430
|g RCR
|
| 900 |
|
|
|a Химическая технология углеродных материалов
|
| 942 |
|
|
|c BK
|
| 959 |
|
|
|a 139/20141024
|d 5
|e 0
|f ЧЗТЛ:1
|f АНЛ:1
|f УФ:3
|